Cultura General en años #3 - Estadísticas

Estadísticas generales
  • Esta prueba ha sido intentada 43 veces
    30 desde el último reinicio
  • La puntuación promedio es 12 de 18
Estadísticas de respuestas
Pista Año % Correcto
Rusia invadió Ucrania 2022
96%
Facebook fue lanzado 2004
92%
Osama Bin Laden fue asesinado 2011
92%
Se jugó el primer Mundial de Fútbol en dos países 2002
88%
Inició la Gran Depresión 1929
83%
Japón atacó Pearl Harbor 1941
83%
Ocurrió el huracán Katrina 2005
83%
Según los Mayas, el año del fin del mundo 2012
83%
"Friends" se estrenó 1994
75%
Nelson Mandela se convirtió en presidente 1994
75%
Se estrenó "Blancanieves y los siete enanos" 1937
71%
Se creó el FBI 1908
63%
Nació Marilyn Monroe 1926
63%
Nace el Premio Nobel 1901
58%
Se inaugura el primer McDonald's 1940
58%
Se inauguró el primer metro del mundo (Londres) 1863
21%
Da Vinci terminó la Mona Lisa 1506
17%
Fue el Gran Incendio de Londres 1666
17%
No se encontraron pruebas coincidentes
Distribución de puntuación
Porcentaje de gente con cada puntuación
Porcentaje por número respondido
Historial de tus puntuaciones
No has intentado esta prueba desde el último reinicio